Site and composition design strategies in architecture and urbanism 9th ed. (Record no. 6579)
[ view plain ]
| 000 -LEADER | |
|---|---|
| fixed length control field | 00331nam a2200109Ia 4500 |
| 008 - FIXED-LENGTH DATA ELEMENTS--GENERAL INFORMATION | |
| fixed length control field | 200302s9999 xx 000 0 und d |
| 100 ## - MAIN ENTRY--PERSONAL NAME | |
| Personal name | Enis Aldallal and Others |
| 245 ## - TITLE STATEMENT | |
| Title | Site and composition design strategies in architecture and urbanism 9th ed. |
| 260 ## - PUBLICATION, DISTRIBUTION, ETC. | |
| Name of publisher, distributor, etc. | Routledge Taylor and Francis Group |
| 260 ## - PUBLICATION, DISTRIBUTION, ETC. | |
| Date of publication, distribution, etc. | 2016 |
| 300 ## - PHYSICAL DESCRIPTION | |
| Extent | 182 |
| Withdrawn status | Lost status | Damaged status | Not for loan | Permanent Location | Current Location | Date acquired | Cost, normal purchase price | Total Checkouts | Full call number | Barcode | Date last seen | Date last checked out | Price effective from | Koha item type |
|---|---|---|---|---|---|---|---|---|---|---|---|---|---|---|
| BMS College of Architecture, Design and Planning | BMS College of Architecture, Design and Planning | 2020-03-03 | 2551.12 | 1 | 72.47 | AR-UG481 | 2021-12-01 | 2021-12-01 | 2020-03-03 | UG Books |